| 000 | 01555nam a22003254i 4500 | ||
|---|---|---|---|
| 003 | PE-LiUPU | ||
| 005 | 20260218090225.0 | ||
| 008 | 111001s2011 pe a b 000 0 spa d | ||
| 040 |
_aPE-LiUPU _bspa _cPE-LiUPU _erda |
||
| 082 | 0 | 4 |
_a224.5076 _bP964 _223 |
| 245 | 0 | 0 |
_aProfecías del libro de Daniel / _ceditado por Mario Riveros Echeverry y Álvaro Rodríguez. |
| 250 | _aPrimera edición. | ||
| 264 | 1 |
_aÑaña, Lima : _bCentro de Investigación E.G. White-Perú, Universidad Peruana Unión, _c2011. |
|
| 300 |
_a180 páginas ; _b20 cm |
||
| 336 |
_atext _2rdacontent |
||
| 337 |
_aunmediated _2rdamedia |
||
| 338 |
_avolume _2rdacarrier |
||
| 500 | _aImpreso en el Perú. | ||
| 504 | _aIncluye referencias bibliográficas. | ||
| 505 | 0 | _aRelevancia histórica y vigencia del libro de Daniel -- Daniel y sus intérpretes -- La arqueología y Daniel -- Paralelos en Daniel 2, 7 y 8: vislumbres del futuro y la soberanía divina – El juicio pre-advenimiento -- El mensaje del santuario -- La interpretación de Daniel 11 -- Las profecías de tiempo en Daniel 12. | |
| 630 | 1 | 4 |
_aBiblia. _pDaniel _xProfecías. |
| 650 | 1 | 0 |
_aProfecías bíblicas _97857 |
| 650 | 1 | 4 | _aEscatología adventista. |
| 700 |
_aRiveros Echeverry, Mario, _eeditor. _98065 |
||
| 700 |
_aRodríguez, Álvaro, _eeditor. _98066 |
||
| 710 |
_aCentro de Investigación E.G. White-Perú, _eeditor. _98067 |
||
| 710 | 2 |
_aUniversidad Peruana Unión, _eeditor. |
|
| 942 |
_2ddc _cBK |
||
| 980 |
_618228 _aRebeca Esther Huerta Leyton _818226 _gJaime Vilcazán Jefe de Análisis Documental |
||
| 999 |
_c63290 _d63289 |
||